| 000 | 00672nam a2200265Ia 4500 | ||
|---|---|---|---|
| 008 | 170711s9999 xx 000 0 und d | ||
| 020 | _a9780321704474 | ||
| 050 | _a6.6 | ||
| 050 | _bF638 2010 | ||
| 100 | _aFlorio, Chris | ||
| 245 | _aAction script 3.0 for adobe flash professional CS5 / | ||
| 245 | _cChris Florio. | ||
| 260 | _aUSA : | ||
| 260 | _bAdobe Press, | ||
| 260 | _c2010 | ||
| 300 | _avii, 389 pages : | ||
| 300 | _bcolor illustrations ; | ||
| 300 | _c23cm. | ||
| 300 | _e +CD. | ||
| 500 | _aIncludes index. | ||
| 650 | _aComputer animation. | ||
| 650 | _aDigital cinematography. | ||
| 650 | _aFlash (Computer file). | ||
| 700 | _aTitle. | ||
| 999 |
_c339685 _d339685 |
||